000 00589nam a2200229Ia 4500
003 OSt
005 20221007072428.0
006 a|||||r|||| 00| 0
007 ta
008 221006b |||||||| |||| 00| 0 eng d
024 _a12,734
037 _cTextual
040 _aFLL
_cFLL
_beng
041 _2eng
_aeng
082 _aV3:28:N3, J0
100 _aAllen C.K.
_9121910
245 0 _aLaw and orders
260 _aLondon
_bStevens and Sons Limited London
_c1950
300 _a385p
_ccm.
942 _hV3:28:N3, J0
_cTEXL
_2CC
999 _c1146049
_d1146049